Non possiamo più aspettare Godot (Record n. 95245)
[ formato base ]
| 000 -LEADER | |
|---|---|
| fixed length control field | 01765nam a2200289Ia 4500 |
| 001 - CONTROL NUMBER | |
| control field | F8030 |
| 003 - CONTROL NUMBER IDENTIFIER | |
| control field | IT-RoPAU |
| 008 - FIXED-LENGTH DATA ELEMENTS--GENERAL INFORMATION | |
| fixed length control field | 130308s9999 xx 000 0 und d |
| 040 ## - CATALOGING SOURCE | |
| Original cataloging agency | IT-RoPAU |
| 040 ## - CATALOGING SOURCE | |
| Transcribing agency | IT-RoPAU |
| 041 ## - LANGUAGE CODE | |
| Language code of text/sound track or separate title | ITALIANO |
| 100 ## - MAIN ENTRY--PERSONAL NAME | |
| Personal name | Venturini Anna |
| 100 ## - MAIN ENTRY--PERSONAL NAME | |
| Miscellaneous information | Codice Aut. SPICS: 52645 |
| 245 ## - TITLE STATEMENT | |
| Title | Non possiamo più aspettare Godot |
| 245 ## - TITLE STATEMENT | |
| Remainder of title | Non possiamo Piu' Aspettare Godot |
| 250 ## - EDITION STATEMENT | |
| Edition statement | 1a ed. |
| 260 ## - PUBLICATION, DISTRIBUTION, ETC. (IMPRINT) | |
| Place of publication, distribution, etc. | GENOVA |
| 260 ## - PUBLICATION, DISTRIBUTION, ETC. (IMPRINT) | |
| Name of publisher, distributor, etc. | Erga Edizioni |
| 260 ## - PUBLICATION, DISTRIBUTION, ETC. (IMPRINT) | |
| Date of publication, distribution, etc. | 1997 [1° Ed.:1997 - Ed.Ling.Originale:1997] |
| 300 ## - PHYSICAL DESCRIPTION | |
| Extent | "144 p. (prefazione: no ; testo: 144 [pagine: 0-0])" |
| 500 ## - GENERAL NOTE | |
| General note | Il Libro Non Discute la Validità Artistica di Beckett, Uno degli Autori Piu' Geniali di Questo Secolo. vuole soltanto Evidenziare che Il Sostenere, Sulla Scena, che dobbiamo Perennemente Aspettare Qualcuno che Arriva, significa in Pratica Uccidere la fiducia in una Vita Diversa: Dall'Introduzione di Roberto Trovato. Aspettando Godot: Stesura e Pubblicazione, Trama e Tematiche Fondamentali del testo , Personaggi e Interpretazioni. Il Latte e Il Sangue di Dario Martini Come Risposta a Beckett e al Teatro di Chi Nega la Speranza: Stesura e Pubblicazione, Trama e Tematiche Fondamentali del testo ,Scelta dei Personaggi: Caratterizzazione e Funzione Simbolica, Casa e circo Luogo dell'Azione, Linguaggio: Espressioni Verbali e Non Verbali, Silenzipause e Didascalie, varianti Alla Prima Stesura. Godot, I clown e Il vecchio De L'Uovo e le Mine, Echi De Il Latte e Il Sangue in Altri Testi di Dario Martini. Bibliografia Generale dei Testi Consultati. testo del dramma inedito di Dario G. Martini: L'Uovo e le Mine. |
| 650 ## - SUBJECT ADDED ENTRY--TOPICAL TERM | |
| Topical term or geographic name as entry element | SAGGI DI TEATRO |
| 650 ## - SUBJECT ADDED ENTRY--TOPICAL TERM | |
| Relator term | Codice materia Spics: 8411 |
| 942 ## - ADDED ENTRY ELEMENTS (KOHA) | |
| Koha item type | LIBRO |
| 957 ## - | |
| -- | 1 |
| 999 ## - SYSTEM CONTROL NUMBERS (KOHA) | |
| -- | 1 |
| Withdrawn status | Lost status | Damaged status | Not for loan | Home library | Current library | Date acquired | Total Checkouts | Full call number | Date last seen | Price effective from | Koha item type | Public note |
|---|---|---|---|---|---|---|---|---|---|---|---|---|
| Buone Condizioni | Not For Loan | SPICS-MEDIATECA | SPICS-MEDIATECA | 08/03/2013 | F8030 | 08/03/2013 | 08/03/2013 | LIBRO | Progressivo inserimento: 56263 / N. Volumi: 1 Copie: 1 / data import: 1 marzo 2013 - By Epidotti, Trombetti, Vaglietti. |